Faculty of Law Library — Cairo University

Official Online Catalog

الحروب والكوارث وأثارها على أوضاع الطفل العربي / (Record no. 69568)

MARC details
000 -LEADER
fixed length control field 01449nam a2200325 i 4500
003 - CONTROL NUMBER IDENTIFIER
control field EG-GICUC
005 - DATE AND TIME OF LATEST TRANSACTION
control field 20260408101437.0
008 - FIXED-LENGTH DATA ELEMENTS--GENERAL INFORMATION
fixed length control field 260408s19861407su a|||fr|||| 00| 0 ara d
040 ## - CATALOGING SOURCE
Original cataloging agency EG-GICUC
Language of cataloging ara
Transcribing agency EG-GICUC
Modifying agency EG-GICUC
Description conventions rda
041 ## - LANGUAGE CODE
Language code of text/sound track or separate title ara
082 04 - DEWEY DECIMAL CLASSIFICATION NUMBER
Edition number 21
Classification number 343.643
Item number ح ر
092 04 - LOCALLY ASSIGNED DEWEY CALL NUMBER (OCLC)
Edition number 21
099 ## - LOCAL FREE-TEXT CALL NUMBER (OCLC)
Classification number Law1 10 343.643 ح ر 1986
111 2# - MAIN ENTRY--MEETING NAME
Meeting name or jurisdiction name as entry element أبحاث الندوة العلمية الرابعة الخاصة
Location of meeting تونس
Date of meeting or treaty signing من 23 - 25 صفر 1407 ه الموافق (27-29 أكتوبر 1986م)
Relator term مؤلف.
245 12 - TITLE STATEMENT
Title الحروب والكوارث وأثارها على أوضاع الطفل العربي /
Statement of responsibility, etc. أبحاث الندوة العلمية الرابعة الخاصة.
264 #1 - PRODUCTION, PUBLICATION, DISTRIBUTION, MANUFACTURE, AND COPYRIGHT NOTICE
Place of production, publication, distribution, manufacture الرياض :
Name of producer, publisher, distributor, manufacturer المركز العربي للدراسات الأمنية والتدريب،
Date of production, publication, distribution, manufacture, or copyright notice 1986.
300 ## - PHYSICAL DESCRIPTION
Extent 230 صفحة :
Other physical details إيضاحيات، صور، مثيليات ؛
Dimensions 24 سم.
336 ## - CONTENT TYPE
Source rda content
Content type term text
337 ## - MEDIA TYPE
Source rda media
Media type term Computer
338 ## - CARRIER TYPE
Source rda carrier
Carrier type term Online Resource
504 ## - BIBLIOGRAPHY, ETC. NOTE
Bibliography, etc. note يشتمل على إرجاعات ببليوجرافية.
546 ## - LANGUAGE NOTE
Language note النص باللغة العربية
650 1# - SUBJECT ADDED ENTRY--TOPICAL TERM
Topical term or geographic name entry element القانون الجنائي
650 1# - SUBJECT ADDED ENTRY--TOPICAL TERM
Topical term or geographic name entry element البيئة الاجتماعية والجريمة
650 1# - SUBJECT ADDED ENTRY--TOPICAL TERM
Topical term or geographic name entry element الحروب والكوارث
651 1# - SUBJECT ADDED ENTRY--GEOGRAPHIC NAME
Source of heading or term الطفل العربي
856 40 - ELECTRONIC LOCATION AND ACCESS
Uniform Resource Identifier <a href="https://fll.law.cu.edu.eg/fulltext/bks/B10-07136.pdf">https://fll.law.cu.edu.eg/fulltext/bks/B10-07136.pdf</a>
905 ## - Cataloger and Reviser Names
Cataloger Name: Gomana
942 ## - ADDED ENTRY ELEMENTS (KOHA)
Source of classification or shelving scheme Dewey Decimal Classification
Suppress in OPAC No
Koha item type Books
Edition 21
Holdings
Withdrawn status Lost status Source of classification or shelving scheme Damaged status Not for loan Collection Home library Current library Date acquired Total checkouts Full call number Barcode Date last seen Copy number Price effective from Koha item type
    Dewey Decimal Classification   Not for loan القانون الجنائي جــــامعة القــاهرة مكتبة كلية الحقوق - المبنى الرئيسي 08.04.2026   Law1 10 343.643 ح ر 1986 1007136 C1 B10-07136 08.04.2026 1 08.04.2026 Books

© All rights reserved — Faculty of Law, Cairo University